MARC

LEADER 00000nam0a2200000 4500
001 267870
005 20231101234121.0
020 |a RU  |b 86-94896 
035 |a (RuTPU)RU\TPU\book\290983 
090 |a 267870 
100 |a 20140808d1986 k y0rusy5003 ca 
101 0 |a rus 
102 |a RU 
105 |a a z 001zy 
200 1 |a Структура, структурные превращения и магнитные свойства аморфных металлических сплавов  |e тематический сборник научных трудов  |f Московский государственный институт стали и сплавов (МИСиС) 
210 |a Москва  |c Металлургия  |d 1986 
215 |a 151 с.  |c ил.  |d 22 см 
320 |a Библиогр. в конце статей 
606 1 |a Сплавы аморфные  |x Физико-механические свойства  |2 stltpush  |3 (RuTPU)RU\TPU\subj\55952  |9 73903 
610 1 |a структура 
610 1 |a магнитные свойства 
610 1 |a атомная структура 
610 1 |a субмикроструктура 
610 1 |a микроструктура 
610 1 |a состав 
610 1 |a неоднородность 
610 1 |a изменение 
610 1 |a внешние воздействия 
610 1 |a релаксационные процессы 
610 1 |a нагрев 
610 1 |a кристаллизация 
675 |a 669.018:539.213  |z rus  |v 3 
712 0 2 |a Московский государственный институт стали и сплавов (МИСиС)  |c (1962-2008)  |2 stltpush  |3 (RuTPU)RU\TPU\col\180 
801 0 |a RU  |b RuMRKP  |c 19950417  |g psbo 
801 1 |a RU  |b 63413507  |c 20140808 
801 2 |a RU  |b 63413507  |c 20160915  |g RCR 
942 |c BK